Digital Systems and circuits (Record no. 40195)

MARC details
000 -LEADER
fixed length control field 00472nam a2200133 a 4500
008 - FIXED-LENGTH DATA ELEMENTS--GENERAL INFORMATION
fixed length control field 120416s1968 ||||||||||||||||| || u
050 ## - LIBRARY OF CONGRESS CALL NUMBER
Classification number QA 267.5 Zac
100 ## - MAIN ENTRY--PERSONAL NAME
Personal name Zacharov, Basil
245 10 - TITLE STATEMENT
Title Digital Systems and circuits
260 ## - PUBLICATION, DISTRIBUTION, ETC.
Place of publication, distribution, etc. London
Name of publisher, distributor, etc. Allen and Unwin
Date of publication, distribution, etc. 1968
300 ## - PHYSICAL DESCRIPTION
Extent 160p. : ill.
350 ## - PRICE (NR) (BK AM CF MU VM SE) [OBSOLETE]
Price 0.00
995 ## - RECOMMENDATION 995 [LOCAL, UNIMARC FRANCE]
-- 0.00
-- CBU-MAIN LIBRARY (Kitwe)
-- 1
-- 1.50
-- 1
-- AVAILABLE
-- Annex Low-Usage Collection
Holdings
Withdrawn status Lost status Source of classification or shelving scheme Damaged status Not for loan Home library Current library Shelving location Date acquired Total Checkouts Full call number Barcode Date last seen Price effective from Koha item type
          CBU-MAIN LIBRARY, KITWE. CBU-MAIN LIBRARY, KITWE.   11/30/2022   QA 267.5 Zac 011702 11/30/2022 11/30/2022 MONOGRAPH